Matematicko-logické modelovanie v teórii a praxi '81

Gespeichert in:
Bibliographische Detailangaben
1. Verfasser: Mosný, Martin
Weitere Verfasser: Mozoliková, Margita
Format: Buch
Sprache:Slowakisch
Veröffentlicht: Bratislava Dom techniky ČSVTS 1981
Tags: Tag hinzufügen
Keine Tags, Fügen Sie das erste Tag hinzu!

MARC

LEADER 00000nam a2200000 4500
001 c126719
005 20041019155238.7
041 0 |a slo 
044 |a SK 
245 1 0 |a Matematicko-logické modelovanie v teórii a praxi '81  |c Martin Mosný, Margita Mozoliková 
264 1 |a Bratislava  |b Dom techniky ČSVTS  |c 1981 
300 |a 105 s. 
100 1 |a Mosný, Martin 
700 1 |a Mozoliková, Margita